Country Names in their Official Languages #3 - Statistics

General Stats
  • This quiz has been taken 21 times
  • The average score is 13 of 15
Answer Stats
Question Answer % Correct
Bosna i Hercegovina All of these
100%
Miṣr Arabic
100%
Mjəmà Burmese
100%
Komori Comorian
100%
Hrvatska Croatian
100%
Druk Yul Dzongkha
100%
Bhārat Hindi
100%
Magyarország Hungarian
100%
Éire Irish
100%
Città del Vaticano Italian
100%
Slovensko Slovak
100%
Guinée French
50%
Śrī Laṅkā Sinhala
50%
Guinea Ecuatorial Spanish
50%
Moçambique Portuguese
0%
No matching quizzes found
Score Distribution
Percent of People with Each Score
Percentile by Number Answered
Your Score History
You have not taken this quiz